[Event "5. Nord-West-Cup"]
[Site "?"]
[Date "2003.??.??"]
[Round "5"]
[White "Tchetchelnitski, Boris"]
[Black "Sturm, Tobias"]
[Result "1-0"]
[WhiteElo "2230"]
[BlackElo "1848"]
[PlyCount "93"]

1. Nf3 Nf6 2. d4 g6 3. Bg5 Bg7 4. Nbd2 O-O 5. e3 d6 6. h3 c6 7. c3 Nbd7 8. Be2
c5 9. O-O b6 10. b4 Nd5 11. Qb3 Bb7 12. bxc5 dxc5 13. Bc4 N5f6 14. Bf4 h6 15.
Rfd1 Qc8 16. Ne5 Nxe5 17. Bxe5 Qc6 18. Nf3 Rac8 19. d5 Qd7 20. Bb5 Qf5 21. Bd3
Qd7 22. c4 Ne8 23. Bxg7 Kxg7 24. e4 e6 25. a4 Nd6 26. Qc3+ Kh7 27. Ne5 Qc7 28.
Ng4 Ne8 29. Nf6+ Nxf6 30. Qxf6 e5 31. d6 Qd7 32. Qxe5 f6 33. Qg3 Qe6 34. f3
Rcd8 35. Bf1 Rf7 36. a5 Rfd7 37. axb6 axb6 38. Ra7 Bc6 39. Rxd7+ Rxd7 40. h4 h5
41. Qf4 Bb7 42. Kh2 Kg7 43. g3 Ba6 44. Rd2 Bxc4 45. Bh3 Qf7 46. Bxd7 Qxd7 47.
e5 1-0

[Event "5. Nord-West-Cup"]
[Site "?"]
[Date "2003.??.??"]
[Round "5"]
[White "Heirich, Andreas"]
[Black "Lundin, Jan"]
[Result "1/2-1/2"]
[WhiteElo "1852"]
[BlackElo "2220"]
[PlyCount "111"]

1. d4 Nf6 2. c4 c5 3. Nf3 cxd4 4. Nxd4 g6 5. Nc3 Bg7 6. Bg5 Nc6 7. e3 Qa5 8.
Bxf6 Bxf6 9. Be2 d6 10. O-O Nxd4 11. exd4 Be6 12. c5 dxc5 13. dxc5 Bxc3 14.
bxc3 O-O 15. Qd4 Rac8 16. Qb4 Rxc5 17. Qxb7 Rxc3 18. Qxe7 Rc2 19. Bf3 Rxa2 20.
Rxa2 Qxa2 21. Qf6 Qa5 22. Ra1 Qb6 23. h3 Bc4 24. Qg5 Re8 25. h4 Qd4 26. Rd1 Qc3
27. h5 f6 28. Qg3 Qe5 29. Qg4 Be6 30. Qa4 Re7 31. h6 Kf7 32. Qh4 Qg5 33. Qxg5
fxg5 34. Bd5 g4 35. Bxe6+ Kxe6 36. Rd8 Kf6 37. Rg8 g5 38. Kh2 a6 39. Kg3 Ra7
40. Kxg4 a5 41. Rxg5 a4 42. Rc5 a3 43. Rc1 a2 44. Ra1 Kg6 45. Kf3 Kxh6 46. Ke3
Kg5 47. Kd3 Kf5 48. Kc3 h5 49. Kb3 Rg7 50. g3 Rb7+ 51. Kc2 Ra7 52. f3 Ra3 53.
g4+ hxg4 54. fxg4+ Kxg4 55. Kb2 Ra8 56. Rxa2 1/2-1/2

[Event "5. Nord-West-Cup"]
[Site "?"]
[Date "2003.??.??"]
[Round "5"]
[White "Brandt, Wilhelm"]
[Black "Kharchenko, Denis"]
[Result "1/2-1/2"]
[WhiteElo "1848"]
[BlackElo "2206"]
[PlyCount "89"]

1. d4 d5 2. c4 e6 3. Nc3 Nf6 4. Nf3 Be7 5. Bg5 Nbd7 6. e3 h6 7. Bh4 O-O 8. cxd5
exd5 9. Bd3 c6 10. Qc2 Re8 11. O-O Ne4 12. Bxe7 Qxe7 13. Rfe1 Nf8 14. Nd2 Nxd2
15. Qxd2 Qg5 16. Rac1 Bf5 17. Bxf5 Qxf5 18. Qc2 Qg5 19. Qb3 Ng6 20. f4 Qe7 21.
g3 Qd7 22. Nd1 Re7 23. Nf2 Rae8 24. Qd3 f5 25. Qd2 Kh8 26. Nd3 Qe6 27. Kf2 Qf6
28. Kf3 Nf8 29. h4 Qg6 30. Kf2 Nd7 31. Kg2 Re6 32. Ne5 Nxe5 33. dxe5 Qg4 34.
Qe2 Qxe2+ 35. Rxe2 h5 36. b4 Kg8 37. Kf2 Kf7 38. Rd2 Rd8 39. Ke2 Ke7 40. Kd3
Rg6 41. Rg2 Kd7 42. a4 Rc8 43. Kd4 a6 44. Kc5 Kc7 45. a5 1/2-1/2

[Event "5. Nord-West-Cup"]
[Site "?"]
[Date "2003.??.??"]
[Round "5"]
[White "Petzold, Golo"]
[Black "Kolthoff, Siegmund"]
[Result "0-1"]
[WhiteElo "1824"]
[BlackElo "2180"]
[PlyCount "153"]

1. d4 d5 2. c4 c6 3. Nc3 Nf6 4. Nf3 e6 5. Bg5 h6 6. Bxf6 Qxf6 7. e3 Nd7 8. Bd3
dxc4 9. Bxc4 g6 10. O-O Bg7 11. Rc1 O-O 12. Ne4 Qe7 13. Bb3 Rd8 14. Qc2 Nb6 15.
Qc5 Qxc5 16. Nxc5 Nd5 17. Rfd1 b6 18. Nd3 Bb7 19. Ba4 Rac8 20. b4 Bf8 21. a3 a5
22. bxa5 Bxa3 23. Ra1 Bf8 24. axb6 Nxb6 25. Rdb1 Nxa4 26. Rxb7 Ra8 27. g3 c5
28. Nxc5 Bxc5 29. dxc5 Nxc5 30. Rba7 Rd1+ 31. Rxd1 Rxa7 32. Rd2 Kg7 33. Kg2 g5
34. h3 Kf6 35. Rd4 Ra2 36. Rd2 Ra3 37. Ne1 h5 38. Rc2 Ne4 39. Nf3 Nd6 40. Nd4
Rd3 41. Rc6 Ne4 42. Rc2 Nc3 43. Nf3 Nd5 44. Rd2 Ra3 45. Re2 g4 46. hxg4 hxg4
47. Nd4 e5 48. Nb5 Rd3 49. e4 Rb3 50. Nd6 Ne7 51. Rd2 Rb4 52. Ne8+ Kg5 53. Rd7
Nc6 54. Rxf7 Nd4 55. Nd6 Nf3 56. Rxf3 gxf3+ 57. Kxf3 Rb3+ 58. Ke2 Rb4 59. Ke3
Ra4 60. f4+ Kf6 61. f5 Ra3+ 62. Kf2 Rc3 63. Nb5 Rc5 64. Na3 Kg5 65. Nb1 Kg4 66.
Nd2 Rc3 67. Nf1 Rc2+ 68. Ke3 Ra2 69. Kd3 Kf3 70. Nd2+ Kxg3 71. Nc4 Kf4 72. f6
Ra6 73. Ne3 Ra3+ 74. Kd2 Kxe4 75. Nc4 Rf3 76. f7 Kd5 77. Ne3+ 0-1

[Event "5. Nord-West-Cup"]
[Site "?"]
[Date "2003.??.??"]
[Round "5"]
[White "Hammer, Klaus"]
[Black "Kerker, Andreas"]
[Result "0-1"]
[WhiteElo "1803"]
[BlackElo "2151"]
[PlyCount "82"]

1. d4 Nf6 2. c4 g6 3. Nc3 Bg7 4. e4 d6 5. Nf3 O-O 6. Be2 e5 7. d5 a5 8. Bg5 Na6
9. Nd2 Qe8 10. O-O h5 11. f3 Nh7 12. Bh4 f5 13. exf5 Bxf5 14. Nde4 Bh6 15. a3
Be3+ 16. Bf2 Bxf2+ 17. Rxf2 Nf6 18. Bd3 Bxe4 19. Nxe4 Nxe4 20. Bxe4 Nc5 21. Qc2
Nxe4 22. fxe4 Qe7 23. Raf1 Qg5 24. Qc1 Qxc1 25. Rxc1 Rf4 26. Rxf4 exf4 27. h4
Re8 28. Re1 Kf7 29. g3 fxg3 30. Rf1+ Kg7 31. Rf4 Re5 32. Kg2 g5 33. hxg5 Rxg5
34. b4 axb4 35. axb4 b6 36. Rf1 Rg4 37. c5 bxc5 38. bxc5 h4 39. Kf3 g2 40. Rg1
Rg3+ 41. Kf2 Kf6 0-1

[Event "5. Nord-West-Cup"]
[Site "?"]
[Date "2003.??.??"]
[Round "5"]
[White "Szyszka, Arkadi"]
[Black "Gudat, Alfons"]
[Result "0-1"]
[WhiteElo "1772"]
[BlackElo "2063"]
[PlyCount "70"]

1. d4 Nf6 2. c4 c5 3. d5 b5 4. cxb5 a6 5. b6 d6 6. Nc3 g6 7. e4 Bg7 8. Nf3 O-O
9. Be2 Qxb6 10. Nd2 Nbd7 11. Nc4 Qc7 12. O-O Nb6 13. Ne3 e6 14. a4 exd5 15. a5
Nbd7 16. Nexd5 Nxd5 17. Nxd5 Qd8 18. Bg4 Ne5 19. Bxc8 Rxc8 20. Qe2 c4 21. Nb6
Rc6 22. f4 Nd3 23. Nxc4 Rxc4 24. Qxd3 Rd4 25. Qxa6 Rxe4 26. Ra2 Rfe8 27. b4
Bd4+ 28. Kh1 Qc7 29. Bd2 Re2 30. Qd3 Qc6 31. Qg3 Qc4 32. Ra3 Rxd2 33. Raf3 Qe2
34. f5 Rd1 35. Qf4 Re4 0-1

[Event "5. Nord-West-Cup"]
[Site "?"]
[Date "2003.??.??"]
[Round "5"]
[White "Fehsenfeld, Frithjof"]
[Black "Kohlmann, Christian"]
[Result "1-0"]
[WhiteElo "2062"]
[BlackElo "1719"]
[PlyCount "71"]

1. d4 f5 2. c4 Nf6 3. Nc3 e6 4. Qc2 d5 5. Bg5 c6 6. e3 Be7 7. Bd3 Ne4 8. Bxe7
Qxe7 9. Nge2 O-O 10. O-O Nd7 11. f3 Nxc3 12. Nxc3 Qg5 13. Rae1 Nf6 14. e4 dxc4
15. Bxc4 f4 16. Qb3 Re8 17. a4 a6 18. e5 Nd5 19. Ne4 Qe7 20. Bxd5 exd5 21. Nd6
Rf8 22. Qb6 g5 23. Rf2 g4 24. fxg4 Bxg4 25. Qxb7 Qxb7 26. Nxb7 Rab8 27. Nc5 Rb4
28. h3 Bc8 29. Rd2 f3 30. gxf3 Rxf3 31. e6 Rf8 32. b3 Re8 33. Kh2 Kf8 34. Rf1+
Kg8 35. Rg2+ Kh8 36. e7 1-0

[Event "5. Nord-West-Cup"]
[Site "?"]
[Date "2003.??.??"]
[Round "5"]
[White "Campe, Uwe"]
[Black "Wahrenberg, Ralf"]
[Result "0-1"]
[WhiteElo "1765"]
[BlackElo "2058"]
[PlyCount "72"]

1. d4 Nf6 2. c4 g6 3. Nc3 d5 4. cxd5 Nxd5 5. e4 Nxc3 6. bxc3 c5 7. Be3 Bg7 8.
Nf3 O-O 9. Qd2 Qa5 10. Bc4 Nc6 11. Rb1 a6 12. Bd5 Rd8 13. O-O cxd4 14. cxd4
Qxd2 15. Bxd2 Nxd4 16. Nxd4 Bxd4 17. Bxb7 Rb8 18. Ba5 Rf8 19. Bd5 Bd7 20. Rbd1
e5 21. Rc1 Rfc8 22. Bd2 Kg7 23. Rxc8 Bxc8 24. Rc1 Rb2 25. Be3 Be6 26. h3 h5 27.
Rc6 a5 28. Ra6 Bc3 29. a3 Kf6 30. Bxe6 fxe6 31. Bc5 Re2 32. f3 Bd4+ 33. Bxd4
exd4 34. Rxa5 d3 35. Kf1 Re3 36. e5+ Kf5 0-1

[Event "5. Nord-West-Cup"]
[Site "?"]
[Date "2003.??.??"]
[Round "5"]
[White "Janssen, Volker"]
[Black "Merettig, Georg"]
[Result "1-0"]
[WhiteElo "2058"]
[BlackElo "1688"]
[PlyCount "74"]

1. e4 c5 2. c3 g6 3. Nf3 Bg7 4. d4 b6 5. Be3 Bb7 6. dxc5 bxc5 7. Bxc5 Qc7 8.
Be3 Bxe4 9. Na3 Nh6 10. Bxh6 Bf6 11. Rc1 Nc6 12. Be3 O-O 13. Be2 Ne5 14. Nxe5
Bxe5 15. Bf3 d5 16. Bxe4 dxe4 17. Qd5 e6 18. Qxe4 f5 19. Qc4 Qf7 20. f4 Rac8
21. Qe2 Bf6 22. O-O e5 23. fxe5 Bxe5 24. Bd4 Bb8 25. Rce1 Rce8 26. Qc4 Rc8 27.
Qxf7+ Rxf7 28. Re2 Rb7 29. b3 a5 30. Rfe1 Kf7 31. Nc4 a4 32. Ne5+ Kf8 33. b4
Ba7 34. Bxa7 Rxa7 35. c4 a3 36. b5 Ra4 37. Nd7+ Kg7 1-0

[Event "5. Nord-West-Cup"]
[Site "?"]
[Date "2003.??.??"]
[Round "5"]
[White "Drezewski, Alexander"]
[Black "Rychlik, Kurt"]
[Result "1-0"]
[WhiteElo "1755"]
[BlackElo "2058"]
[PlyCount "169"]

1. d4 Nf6 2. c4 c6 3. Nc3 d5 4. Nf3 dxc4 5. e4 b5 6. e5 Nd5 7. a4 b4 8. Ne4 c3
9. Bc4 cxb2 10. Bxb2 a5 11. O-O e6 12. Re1 Nd7 13. Rc1 Bb7 14. Nfg5 N7b6 15.
Bd3 Qd7 16. Nc5 Bxc5 17. dxc5 Nc8 18. Nxh7 Nf4 19. Be4 Qxd1 20. Rcxd1 Ne7 21.
Ng5 Rh5 22. Nf3 Nfd5 23. Rc1 Ba6 24. Nd2 Kd7 25. Bf3 Rh4 26. g3 Rh6 27. Ne4
Rah8 28. h4 Rg6 29. Ng5 Ke8 30. Be4 Rgh6 31. f4 Nf5 32. Bxf5 exf5 33. e6 fxe6
34. Bxg7 Nc3 35. Bxh8 Rxh8 36. Nxe6 Kd7 37. Nd4 Nxa4 38. Nxf5 Nc3 39. Re7+ Kd8
40. Ra1 a4 41. Ra7 Bc8 42. Nd4 Rh6 43. R7xa4 Nxa4 44. Rxa4 Rh5 45. Nxc6+ Kc7
46. Nxb4 Rxc5 47. Na6+ Bxa6 48. Rxa6 Kd7 49. Kg2 Ke7 50. Kf3 Kf7 51. Kg4 Kg7
52. h5 Kh7 53. f5 Rc7 54. Kg5 Rg7+ 55. Rg6 Rb7 56. h6 Rb5 57. Rg7+ Kh8 58. g4
Rxf5+ 59. Kh4 Rh5+ 60. Kg3 Rh3+ 61. Kf4 Rf3+ 62. Ke5 Rf5+ 63. Ke6 Rf6+ 64. Ke7
Re6+ 65. Kf8 Re8+ 66. Kf7 Re7+ 67. Kg6 Re6+ 68. Kh5 Re4 69. Ra7 Re5+ 70. g5 Rd5
71. Kg4 Rd6 72. Kf5 Rd5+ 73. Kf6 Rd6+ 74. Ke5 Rg6 75. Kf5 Rb6 76. g6 Rb8 77.
Kf6 Rc8 78. Re7 Rf8+ 79. Rf7 Rb8 80. Re7 Rf8+ 81. Ke6 Kg8 82. g7 Rb8 83. Kf6
Rb6+ 84. Re6 Rb8 85. Kg6 1-0

[Event "5. Nord-West-Cup"]
[Site "?"]
[Date "2003.??.??"]
[Round "5"]
[White "zur Brügge, Carsten"]
[Black "Lange, Detlef"]
[Result "1-0"]
[WhiteElo "2103"]
[BlackElo "1630"]
[PlyCount "77"]

1. e4 e5 2. Nf3 Nc6 3. Bb5 a6 4. Ba4 Nf6 5. O-O Nxe4 6. d4 exd4 7. Re1 d5 8.
Nxd4 Bd6 9. Nxc6 Bxh2+ 10. Kh1 Qh4 11. Rxe4+ dxe4 12. Qd8+ Qxd8 13. Nxd8+ Kxd8
14. Kxh2 Be6 15. Kg3 Ke7 16. Nc3 c5 17. Be3 Rhc8 18. Nxe4 b5 19. Bxc5+ Rxc5 20.
Nxc5 bxa4 21. Nxa4 Rc8 22. c3 Rc4 23. b3 Rg4+ 24. Kf3 h5 25. g3 Kd6 26. Rd1+
Kc6 27. Rd4 Rg5 28. c4 Re5 29. Nc3 Ra5 30. Ke3 Re5+ 31. Re4 Ra5 32. a4 Rf5 33.
Ne2 Kc5 34. Nd4 Rf6 35. Re5+ Kb4 36. Rxh5 Kc3 37. Rg5 g6 38. Re5 Bh3 39. c5 1-0

[Event "5. Nord-West-Cup"]
[Site "?"]
[Date "2003.??.??"]
[Round "5"]
[White "Böhme, Arne"]
[Black "Meyer, Eric"]
[Result "1-0"]
[WhiteElo "1982"]
[BlackElo "1568"]
[PlyCount "51"]

1. e4 e6 2. d4 d5 3. Nc3 Nf6 4. e5 Nfd7 5. f4 c5 6. Be3 Qb6 7. Na4 Qa5+ 8. c3
cxd4 9. b4 Qc7 10. Bxd4 Nc6 11. Nf3 Be7 12. Bd3 f6 13. O-O Nxd4 14. Nxd4 Nf8
15. Qg4 g6 16. Bb5+ Bd7 17. Bxd7+ Qxd7 18. exf6 Bd6 19. Nb2 O-O-O 20. Nd3 Re8
21. Rae1 Qf7 22. Qh4 Nd7 23. Ne5 Qxf6 24. Qxf6 Nxf6 25. Nf7 Ne4 26. Rxe4 1-0

[Event "5. Nord-West-Cup"]
[Site "?"]
[Date "2003.??.??"]
[Round "5"]
[White "Aßmus, Sven"]
[Black "Meyer, Thorsten"]
[Result "1/2-1/2"]
[WhiteElo "1719"]
[BlackElo "1978"]
[PlyCount "147"]

1. c4 d6 2. Nc3 g6 3. d4 Bg7 4. e4 Nf6 5. f4 O-O 6. Nf3 c6 7. Be2 d5 8. e5 Ne4
9. Qb3 Nxc3 10. bxc3 dxc4 11. Bxc4 b5 12. Bd3 Be6 13. Qc2 Nd7 14. f5 Bd5 15.
O-O Qb6 16. Kh1 c5 17. Rb1 a6 18. Be4 Qc6 19. Bxd5 Qxd5 20. Bf4 cxd4 21. cxd4
Rac8 22. Qd2 Rc4 23. Bh6 f6 24. fxg6 hxg6 25. Bxg7 Kxg7 26. exf6+ exf6 27. Rbe1
Rf7 28. Qe2 Nf8 29. Qf2 Ra4 30. Re2 Nh7 31. h3 Nf8 32. Rfe1 g5 33. h4 Ng6 34.
Qg3 gxh4 35. Nxh4 Qh5 36. Qxg6+ Qxg6 37. Nxg6 Kxg6 38. Rd2 Rd7 39. Red1 Rd5 40.
Kg1 f5 41. Kf2 Kf6 42. Rc2 Ke6 43. Re2+ Kd6 44. Red2 Kc6 45. Ke3 Rc4 46. Kf4 b4
47. g4 fxg4 48. Kxg4 Kb5 49. Kf4 Rc8 50. Ke4 Rcd8 51. Ke3 a5 52. Ke2 Rh8 53.
Kd3 Rhd8 54. Ke2 Ka4 55. Rd3 Rh8 56. Ke3 Re8+ 57. Kd2 Kb5 58. Kc2 Re4 59. Kb2
a4 60. R3d2 Re3 61. Rc1 a3+ 62. Kb1 Re4 63. Rcd1 Rh4 64. Ka1 Rg4 65. Kb1 Rf4
66. Ka1 Rf3 67. Rc1 Rc3 68. Rdc2 Rxd4 69. Rxc3 bxc3 70. Rb1+ Kc4 71. Rc1 Rd2
72. Kb1 Rb2+ 73. Ka1 Kd3 74. Rxc3+ 1/2-1/2

[Event "5. Nord-West-Cup"]
[Site "?"]
[Date "2003.??.??"]
[Round "5"]
[White "Lammers, Philipp"]
[Black "Thimm, Torsten"]
[Result "1/2-1/2"]
[WhiteElo "1657"]
[BlackElo "1975"]
[PlyCount "51"]

1. d4 d5 2. c4 c6 3. Nf3 e6 4. e3 Nf6 5. Nc3 Nbd7 6. Bd3 dxc4 7. Bxc4 b5 8. Bb3
Bb7 9. O-O a6 10. Qe2 c5 11. Rd1 Qc7 12. Bc2 Rc8 13. dxc5 Bxc5 14. Bb3 O-O 15.
Bd2 Ba7 16. Rac1 Nc5 17. Bc2 Bb8 18. g3 Ba8 19. b4 Qb7 20. bxc5 Qxf3 21. Qxf3
Bxf3 22. Re1 Rfd8 23. Nb1 g6 24. Bb4 Bc7 25. Nd2 Bc6 26. Nb3 1/2-1/2

[Event "5. Nord-West-Cup"]
[Site "?"]
[Date "2003.??.??"]
[Round "5"]
[White "Becker, Markus"]
[Black "Otte, Klaus"]
[Result "1-0"]
[WhiteElo "1889"]
[BlackElo "1541"]
[PlyCount "41"]

1. Nc3 e5 2. Nf3 d6 3. d4 Nc6 4. d5 Nce7 5. Bg5 f6 6. Bh4 Nf5 7. e4 Nxh4 8.
Nxh4 Ne7 9. Bc4 c6 10. O-O f5 11. exf5 Bxf5 12. Nxf5 Nxf5 13. dxc6 bxc6 14. Qf3
Qd7 15. Rad1 Nd4 16. Qe4 Be7 17. f4 Qf5 18. Rxd4 Qxe4 19. Rxe4 d5 20. Rxe5 dxc4
21. Rfe1 1-0

[Event "5. Nord-West-Cup"]
[Site "?"]
[Date "2003.??.??"]
[Round "5"]
[White "Behl, Torsten"]
[Black "Lukossek, Thomas"]
[Result "1-0"]
[WhiteElo "2094"]
[BlackElo "1750"]
[PlyCount "35"]

1. e4 e5 2. d4 exd4 3. Qxd4 Nc6 4. Qe3 b6 5. Bd3 Bb7 6. Nc3 Bc5 7. Qg3 Bf8 8.
Bf4 d6 9. O-O-O f6 10. Nge2 g5 11. Be3 Qe7 12. Nd5 Qg7 13. h4 O-O-O 14. hxg5
fxg5 15. Qxg5 h6 16. Qxg7 Bxg7 17. Nef4 Ne5 18. Nxc7 1-0

[Event "5. Nord-West-Cup"]
[Site "?"]
[Date "2003.??.??"]
[Round "5"]
[White "Krabbe-Rachut, Helmut"]
[Black "Groothoff, Franz"]
[Result "0-1"]
[WhiteElo "1705"]
[BlackElo "1967"]
[PlyCount "56"]

1. e4 e5 2. d4 exd4 3. Qxd4 Nc6 4. Qe3 g6 5. Nc3 Bg7 6. Bd2 Nf6 7. O-O-O O-O 8.
h3 Re8 9. f3 d5 10. Be1 Qe7 11. Nxd5 Nxd5 12. Rxd5 Be6 13. Rd1 Rad8 14. Rxd8
Rxd8 15. Bd3 Bxa2 16. Ne2 Nb4 17. Bc3 Nd5 18. Qxa7 Nxc3 19. bxc3 Be6 20. Qe3
Qa3+ 21. Kd2 c5 22. c4 b5 23. Rd1 Qa5+ 24. c3 bxc4 25. Ke1 Bxc3+ 26. Kf1 cxd3
27. Nxc3 Qxc3 28. Qg5 Qd4 0-1

[Event "5. Nord-West-Cup"]
[Site "?"]
[Date "2003.??.??"]
[Round "5"]
[White "Wichmann, Ralph"]
[Black "Rachut, Steffen"]
[Result "1-0"]
[WhiteElo "1928"]
[BlackElo "1813"]
[PlyCount "85"]

1. e4 c5 2. Nf3 d6 3. d4 cxd4 4. Qxd4 Nc6 5. Bb5 Bd7 6. Bxc6 Bxc6 7. Nc3 Nf6 8.
Bg5 Qa5 9. O-O-O h6 10. Bxf6 gxf6 11. Kb1 Rg8 12. Nh4 Qe5 13. g3 Qxd4 14. Rxd4
e6 15. Rhd1 O-O-O 16. f4 Be7 17. R4d3 Rd7 18. Nf3 Rgd8 19. Nd4 d5 20. exd5 Bxd5
21. Ndb5 Bc5 22. Nxd5 Rxd5 23. Rxd5 Rxd5 24. Rxd5 exd5 25. Nc3 Bg1 26. h3 Bf2
27. g4 f5 28. Nxd5 fxg4 29. hxg4 Kd7 30. c4 f5 31. gxf5 Bg3 32. Kc2 Kd6 33. Kd3
h5 34. Ke4 h4 35. Kf3 b5 36. f6 Ke6 37. Nc7+ Kxf6 38. Nxb5 a6 39. Nc7 a5 40.
Nd5+ Kf5 41. Ne3+ Ke6 42. Ng2 Kd6 43. Ne3 1-0

[Event "5. Nord-West-Cup"]
[Site "?"]
[Date "2003.??.??"]
[Round "5"]
[White "Eickelkamp, Jan-Hendrik"]
[Black "Bienhüls, Michael"]
[Result "0-1"]
[WhiteElo "1572"]
[BlackElo "1919"]
[PlyCount "74"]

1. d4 Nf6 2. c4 e6 3. Nc3 c5 4. dxc5 Bxc5 5. Nf3 O-O 6. Bf4 Qb6 7. e3 Qxb2 8.
Qc1 Qxc1+ 9. Rxc1 Bb4 10. Bd3 d5 11. O-O Bxc3 12. Rxc3 Nc6 13. Rcc1 Re8 14.
cxd5 Nxd5 15. Bg3 Bd7 16. Bb5 a6 17. Bxc6 Bxc6 18. Rfd1 Rac8 19. h3 h6 20. Rd4
Bb5 21. Rxc8 Rxc8 22. a4 Rc1+ 23. Kh2 Bc6 24. Ne5 f6 25. Nxc6 Rxc6 26. e4 Nc3
27. f3 b5 28. a5 Kh7 29. Rd6 Rxd6 30. Bxd6 Na2 31. Kg1 Kg6 32. Kf2 Nc1 33. Ke3
Nb3 34. g4 Nxa5 35. Kd4 e5+ 36. Kc3 Nc6 37. Bc5 Kf7 0-1

[Event "5. Nord-West-Cup"]
[Site "?"]
[Date "2003.??.??"]
[Round "5"]
[White "Mader, Sascha"]
[Black "Campe, Herbert"]
[Result "1-0"]
[WhiteElo "1907"]
[BlackElo "1746"]
[PlyCount "77"]

1. e4 c5 2. Nc3 Nc6 3. f4 g6 4. Nf3 Bg7 5. g3 d6 6. Bg2 Nh6 7. d3 O-O 8. O-O f5
9. Bd2 Rb8 10. Rb1 Bd7 11. Ng5 Ng4 12. Ne2 h6 13. Nf3 fxe4 14. dxe4 Nf6 15. Nh4
Kh7 16. Bc3 Bg4 17. h3 Bd7 18. Qd3 Be8 19. a3 Qb6 20. Kh2 Qc7 21. b4 cxb4 22.
axb4 Bf7 23. Ba1 Rfd8 24. Nc3 a6 25. Nd5 Nxd5 26. exd5 Bxa1 27. dxc6 Bg7 28.
Be4 Kg8 29. cxb7 d5 30. Bxg6 Rd6 31. Bxf7+ Kxf7 32. Nf5 e6 33. Nxd6+ Qxd6 34.
f5 e5 35. f6 Bf8 36. Qh7+ Ke8 37. b5 a5 38. b6 e4 39. Qc7 1-0

[Event "5. Nord-West-Cup"]
[Site "?"]
[Date "2003.??.??"]
[Round "5"]
[White "Frenzel, Klaus-Dieter"]
[Black "Hrkac, Daniel"]
[Result "1/2-1/2"]
[WhiteElo "1301"]
[BlackElo "1859"]
[PlyCount "180"]

1. e4 d5 2. exd5 Qxd5 3. Nc3 Qa5 4. d4 c6 5. Nf3 Nf6 6. Be2 Bg4 7. h3 Bh5 8.
O-O e6 9. Bd2 Qb6 10. Na4 Qd8 11. Bf4 Bd6 12. Bxd6 Qxd6 13. c3 Nbd7 14. b4 b6
15. Nb2 O-O 16. Nc4 Qc7 17. a4 Nd5 18. Rc1 Nf4 19. Ncd2 Nf6 20. Re1 Rad8 21.
Bf1 Rfe8 22. g3 N4d5 23. Bg2 h6 24. Ne4 Rd7 25. Nxf6+ Nxf6 26. Re2 e5 27. g4
Nxg4 28. hxg4 Bxg4 29. Qe1 Rde7 30. dxe5 f6 31. Re4 Bxf3 32. Bxf3 Rxe5 33. Rxe5
Rxe5 34. Qf1 Rg5+ 35. Bg2 Qf4 36. c4 h5 37. Re1 h4 38. Re3 Rg4 39. Qe1 Qxc4 40.
Re4 Rxe4 41. Qxe4 Qxe4 42. Bxe4 c5 43. bxc5 bxc5 44. Bg6 c4 45. Kh2 Kf8 46. Kh3
Ke7 47. Kxh4 Ke6 48. Kg4 Ke5 49. Kf3 Kd4 50. Ke2 Kc3 51. Kd1 Kb2 52. a5 Kc3 53.
a6 Kb2 54. f4 Kc3 55. Kc1 Kd4 56. Kc2 Ke3 57. f5 Kd4 58. Bf7 Ke5 59. Be6 g6 60.
Bxc4 gxf5 61. Kd2 Kd4 62. Bf1 f4 63. Ke2 Ke4 64. Bg2+ Ke5 65. Kf3 f5 66. Ke2
Kd4 67. Bf3 Kc3 68. Bb7 Kd4 69. Kf3 Ke5 70. Bc8 Kd6 71. Kxf4 Kc7 72. Bb7 Kb8
73. Kxf5 Kc7 74. Ke5 Kb8 75. Kd4 Kc7 76. Kc4 Kb8 77. Kb4 Kc7 78. Bf3 Kb8 79.
Bg4 Kc7 80. Kc5 Kb8 81. Bf3 Kc7 82. Bg2 Kd7 83. Bf1 Kc7 84. Be2 Kd7 85. Bb5+
Kc7 86. Kd5 Kc8 87. Be2 Kc7 88. Ke6 Kc6 89. Ke7 Kc7 90. Bf1 Kc8 1/2-1/2

[Event "5. Nord-West-Cup"]
[Site "?"]
[Date "2003.??.??"]
[Round "5"]
[White "Leppert, Hans-Jürgen"]
[Black "Haase, Sven"]
[Result "0-1"]
[WhiteElo "1822"]
[BlackElo "1652"]
[PlyCount "52"]

1. d4 Nf6 2. Bg5 e6 3. Nd2 d5 4. c3 c5 5. Ngf3 Be7 6. e3 a6 7. a4 Nc6 8. Bd3 c4
9. Bc2 O-O 10. O-O Nd7 11. Bxe7 Qxe7 12. e4 Rb8 13. Re1 Qd8 14. exd5 exd5 15.
b4 cxb3 16. Bxb3 Nf6 17. Ne5 Be6 18. Ndf3 Ne4 19. Re3 Na5 20. Nd2 Nxd2 21. Bc2
Nac4 22. Bxh7+ Kxh7 23. Qh5+ Kg8 24. Rg3 Qf6 25. Re1 Ne4 26. Rf3 Qg5 0-1

[Event "5. Nord-West-Cup"]
[Site "?"]
[Date "2003.??.??"]
[Round "5"]
[White "Zotin, Vladimir"]
[Black "Janzen, Christian"]
[Result "1/2-1/2"]
[WhiteElo "2051"]
[BlackElo "1616"]
[PlyCount "64"]

1. b3 g6 2. Bb2 Nf6 3. e4 Bg7 4. e5 Ng8 5. Qc1 e6 6. d4 Ne7 7. Nf3 d5 8. Bd3 b6
9. Nc3 Nd7 10. Ba3 c5 11. Nb5 Nf5 12. Bxf5 exf5 13. Nd6+ Kf8 14. Ng5 Qe7 15.
Ngxf7 Rg8 16. O-O Qh4 17. Re1 Ke7 18. g3 Qxd4 19. Qg5+ Ke6 20. Nb5 Qxa1 21.
Rxa1 Kxf7 22. e6+ Kxe6 23. Re1+ Ne5 24. f4 Bf6 25. Nc7+ Kf7 26. Qxf6+ Kxf6 27.
fxe5+ Ke7 28. Nxa8 Kd7 29. e6+ Kc6 30. b4 Bb7 31. Nxb6 axb6 32. bxc5 bxc5
1/2-1/2

[Event "5. Nord-West-Cup"]
[Site "?"]
[Date "2003.??.??"]
[Round "5"]
[White "Boos, Hanspeter"]
[Black "Schallück, Hans-Christian"]
[Result "0-1"]
[WhiteElo "1866"]
[BlackElo "1567"]
[PlyCount "110"]

1. e4 d5 2. exd5 Qxd5 3. Nc3 Qa5 4. b4 Qxb4 5. Rb1 Qa5 6. Rb5 Qa6 7. Rb3 Qa5 8.
d4 c6 9. Bc4 Nf6 10. Bd2 Qd8 11. Nf3 b5 12. Be2 Bf5 13. O-O e6 14. Bf4 Bd6 15.
Ne5 Bxe5 16. Bxe5 O-O 17. Bf3 Nd5 18. Ne4 a6 19. Qe2 Qa5 20. a3 Rd8 21. c4 Bxe4
22. Bxe4 Ne7 23. Qg4 Ng6 24. Rg3 f5 25. Bxf5 exf5 26. Qxf5 Ra7 27. Qe6+ Kh8 28.
Bd6 bxc4 29. Re1 Nf8 30. Bb4 Qd5 31. Qxd5 cxd5 32. Rge3 Rf7 33. Re8 Rxe8 34.
Rxe8 Nbd7 35. Ra8 Kg8 36. g3 Rf6 37. f4 g6 38. Kf2 Rc6 39. Bc3 Rb6 40. Bb4 Re6
41. Kf3 Kf7 42. Ra7 Rc6 43. Bc3 Ke6 44. g4 Nb8 45. Rb7 Nfd7 46. Rb2 Rb6 47.
Re2+ Kf7 48. Re3 Rb3 49. Bb4 Nc6 50. Rxb3 cxb3 51. Bc3 Nb6 52. h4 Nc4 53. f5 b2
54. Bxb2 Nxb2 55. fxg6+ hxg6 0-1

[Event "5. Nord-West-Cup"]
[Site "?"]
[Date "2003.??.??"]
[Round "5"]
[White "Kerski, Björn-Ole"]
[Black "Meyer, Peter"]
[Result "1/2-1/2"]
[WhiteElo "1805"]
[BlackElo "1541"]
[PlyCount "46"]

1. e4 c6 2. d4 d5 3. Nc3 dxe4 4. Nxe4 Nf6 5. Nxf6+ gxf6 6. Nf3 Bf5 7. Bd3 Bg6
8. Bf4 e6 9. Qd2 Nd7 10. O-O-O Qb6 11. Qe2 Qa5 12. Kb1 O-O-O 13. Rhe1 Bh5 14.
c4 Bb4 15. Rg1 Bg6 16. Bxg6 hxg6 17. Bg3 Qf5+ 18. Qc2 Qxc2+ 19. Kxc2 Nb6 20. b3
Be7 21. h3 Rd7 22. Rd3 Rhd8 23. Rgd1 Bf8 1/2-1/2

[Event "5. Nord-West-Cup"]
[Site "?"]
[Date "2003.??.??"]
[Round "5"]
[White "Frerichs, Manfred"]
[Black "Carstens, Manfred"]
[Result "0-1"]
[WhiteElo "1567"]
[BlackElo "1669"]
[PlyCount "54"]

1. e4 Nc6 2. Nf3 e5 3. d3 Nf6 4. c3 d5 5. Nbd2 Be7 6. g3 h5 7. h4 Bg4 8. Bg2
Qd7 9. Qb3 O-O-O 10. Ng5 Rdf8 11. exd5 Na5 12. Qc2 Nxd5 13. Ngf3 f6 14. Nf1 Bd6
15. Be3 f5 16. N3h2 f4 17. Nxg4 hxg4 18. Bxd5 fxe3 19. Nxe3 Bc5 20. Bg2 Bb6 21.
O-O-O Qf7 22. Bd5 Bxe3+ 23. fxe3 Qxd5 24. Qa4 Qg2 25. Qxg4+ Kb8 26. Rdg1 Qd5
27. Rf1 Qxa2 0-1

[Event "5. Nord-West-Cup"]
[Site "?"]
[Date "2003.??.??"]
[Round "5"]
[White "Strunski, Andreas"]
[Black "Meijer, Johannes"]
[Result "1-0"]
[WhiteElo "1642"]
[BlackElo "1500"]
[PlyCount "45"]

1. e4 c6 2. d4 d5 3. exd5 cxd5 4. Bd3 Nf6 5. Bf4 Nc6 6. c3 g6 7. Nd2 Bg7 8.
Ngf3 Nh5 9. Bg5 Qb6 10. Rb1 Bg4 11. h3 Bd7 12. O-O O-O 13. Re1 f6 14. Bh4 Nf4
15. Bc2 e6 16. Nb3 Rae8 17. Nc5 Rf7 18. Qd2 e5 19. Nxd7 Rxd7 20. Bb3 Bh6 21.
Kh2 Kg7 22. g3 e4 23. gxf4 1-0

[Event "5. Nord-West-Cup"]
[Site "?"]
[Date "2003.??.??"]
[Round "5"]
[White "Reininga, Jannes"]
[Black "Bruckmann, Thomas"]
[Result "0-1"]
[WhiteElo "1630"]
[BlackElo "1415"]
[PlyCount "50"]

1. d4 b6 2. c4 Bb7 3. Nc3 e6 4. e4 d6 5. Nf3 Nf6 6. Bg5 Be7 7. Qc2 h6 8. Bh4
O-O 9. Be2 Nbd7 10. O-O c5 11. e5 Ne8 12. Bxe7 Qxe7 13. exd6 Nxd6 14. Rad1 Rfd8
15. Rd2 Rac8 16. d5 Nf6 17. Rfd1 exd5 18. cxd5 Re8 19. b3 Nfe4 20. Nxe4 Nxe4
21. Bb5 Nxd2 22. Bxe8 Nxf3+ 23. gxf3 Rxe8 24. d6 Qg5+ 25. Kf1 Ba6+ 0-1

[Event "5. Nord-West-Cup"]
[Site "?"]
[Date "2003.??.??"]
[Round "5"]
[White "Brinkmann, Martin"]
[Black "Kickert, Germaine"]
[Result "1-0"]
[WhiteElo "1622"]
[BlackElo "1269"]
[PlyCount "39"]

1. e4 e5 2. f4 exf4 3. Nf3 Be7 4. Bc4 Bh4+ 5. Kf1 Nc6 6. d4 d6 7. Bxf4 Bg4 8.
c3 Na5 9. Bd3 d5 10. Nbd2 Be7 11. h3 Bh5 12. b4 Nc6 13. g3 Bd6 14. e5 Be7 15.
Kg2 Qd7 16. a4 f6 17. e6 Qxe6 18. Re1 Qd7 19. Qc2 O-O-O 20. Bf5 1-0